Indicko-pakistanské vztahy

Vznik Indickej únie na troskách britskej kolónie. Rozdelenie krajiny podľa náboženského hľadiska (vznik Pakistanu). Problém Kašmíru. India a jadrové zbrane. Vzťahy Indie a Pakistanu. Pozornosť medzinárodného spoločenstva na oblasť Kašmíru. Latentný konflikt medzi Indiou a Pakistanom v otázke Kašmíru...

Descrizione completa

Salvato in:
Dettagli Bibliografici
Autore principale: Hudec, Jozef
Altri autori: Boháč, Radomír, Frič, Anton
Natura: Capitolo di libro
Lingua:slovacco
Soggetti:
Tags: Aggiungi Tag
Nessun Tag, puoi essere il primo ad aggiungerne!!

MARC

LEADER 00000naa a2200000 4500
001 r048620
005 20230922121010.7
041 0 |a slo 
044 |a SK 
245 1 0 |a Indicko-pakistanské vztahy  |c Jozef Hudec, Radomír Boháč, Anton Frič 
520 |a Vznik Indickej únie na troskách britskej kolónie. Rozdelenie krajiny podľa náboženského hľadiska (vznik Pakistanu). Problém Kašmíru. India a jadrové zbrane. Vzťahy Indie a Pakistanu. Pozornosť medzinárodného spoločenstva na oblasť Kašmíru. Latentný konflikt medzi Indiou a Pakistanom v otázke Kašmíru. 
610 2 0 |a politika medzinárodná 
610 2 0 |a India 
610 2 0 |a história 
610 2 0 |a Pakistan 
610 2 0 |a náboženstvo 
610 2 0 |a konflikty medzinárodné 
610 2 0 |a vzťahy hospodárske vonkajšie 
610 2 0 |a politika bezpečnostná 
100 1 |a Hudec, Jozef 
700 1 |a Boháč, Radomír 
700 1 |a Frič, Anton